Представление документа в формате MARC21

Поле Инд. ПП Название Значение
Тип записи a
Библиографический уровень m
001 Контрольный номер RU/IS/BASE/446905410
005 Дата корректировки 20250318164904.7
008 Кодируемые данные 20140228
040 b Код языка каталог. rus
e Правила каталог. PSBO
041 0_ a Код языка текста rus
084 a Индекс другой классификации/Индекс ББК 57.3
090 a Полочн. индекс 57.3
x Авторский знак Г 345
100 1_ a Автор Генохъ Э.
245 10 a Заглавие Лекции по детским болезнямъ
b Продолж. заглавия руководство для врачей и студентовъ
c Ответственность перевод с немецкого С. Серебренникова
260 a Место издания Санкт-Петербург
b Издательство Изданiе журнала "Практическая медицина"
c Дата издания 1888
300 a Объем 500 с.+474 с.
336 a Термин вида содержания Текст
337 a Термин типа средства непосредственный
650 14 a Основная рубрика клиническая медицина
a Основная рубрика медицина
a Основная рубрика педиатрия
653 0_ a Ключевые слова грудной возраст
a Ключевые слова дети
a Ключевые слова заболевания нервной системы
a Ключевые слова новорожденный ребенок
a Ключевые слова органы дыхания
655 a Жанр/ форма (устаревшее) лекции
700 12 a Автор Серебренников С.
e Роль лиц переводчик
901 t Тип документа m
952 a Тип литературы для КСУ ВШ ПРА